NEHRU (Record no. 6732)
[ view plain ]
| 000 -LEADER | |
|---|---|
| fixed length control field | 00305nam a22001337a 4500 |
| 020 ## - INTERNATIONAL STANDARD BOOK NUMBER | |
| ISBN | 81-7011-035-1 |
| 082 ## - DEWEY DECIMAL CLASSIFICATION NUMBER | |
| Classification number | 001 |
| Item number | RAU/N |
| 100 ## - MAIN ENTRY--AUTHOR NAME | |
| Personal name | RAU,CHALAPATHI |
| 245 ## - TITLE STATEMENT | |
| Title | NEHRU |
| Remainder of title | FOR CHILDREN |
| 260 ## - PUBLICATION, DISTRIBUTION, ETC. (IMPRINT) | |
| Place of publication | NEW DELHI |
| Name of publisher | CHILDREN'S BOOK TRUST |
| 300 ## - PHYSICAL DESCRIPTION | |
| Number of Pages | 112 |
| 650 ## - SUBJECT ADDED ENTRY--TOPICAL TERM | |
| Topical Term | ABOUT NEHRU |
| Geographic subdivision | NEW DELHI |
| 942 ## - ADDED ENTRY ELEMENTS (KOHA) | |
| Koha item type | Books |
| Withdrawn status | Lost status | Collection code | Home library | Current library | Shelving location | Date acquired | Source of acquisition | Full call number | Accession Number | Koha item type |
|---|---|---|---|---|---|---|---|---|---|---|
| Reference | Main Library | Main Library | SHELF-17-L-BIOGRAPHIES & AUTOBIOGRAPHIES | 14/05/2010 | PURCHASE | 001 RAU/N | 03859 | Books |